| 000 | 00473nam a22001097a 4500 | ||
|---|---|---|---|
| 008 | 110708t xxu||||| |||| 00| 0 eng d | ||
| 010 | _aHMACF-132 | ||
| 245 | _aHigh Court Miscellaneous Cause No. 38 of 1981 In the matter of the Adoption of Children Act and In the matter of Ben Kafeero- An Infant. | ||
| 260 | _c1981 | ||
| 500 | _aBefore: The Hon. Mr. Ag. Justice A.N. Karokora | ||
| 999 |
_c4650 _d4650 |
||